000 00603cam a22001817a 4500
008 180718b1998 xxu||||| |||| 00| 0 eng d
020 _a8170272262
082 _aB73x54 K955
100 _aKuhn, Berthold
245 _aParticipatory development in rural India
_cby Berthold Kuhn
260 _aNew Delhi
_bRadiant
_c1998
300 _a313p.
440 _aCritical studies in international development
650 _aAgricultural assistance --India.
650 _aRural development --Government policy --india
650 _aNon-governmental organizations --India
650 _aRural development --India
999 _c388186
_d388186